[Event "World op 51st"]
[Site "Philadelphia"]
[Date "2023.07.02"]
[Round "4"]
[White "Tanwir, Furquan"]
[Black "Yang, Vincent"]
[Result "1-0"]
[WhiteElo "1996"]
[BlackElo "1764"]
[PlyCount "81"]
[EventDate "2023.06.30"]
[EventType "swiss"]
[EventRounds "9"]
[EventCountry "USA"]
[SourceTitle "CBM 215 Extra"]
[Source "ChessBase"]
[SourceDate "2023.09.30"]
[SourceVersion "1"]
[SourceVersionDate "2023.09.30"]
[SourceQuality "1"]

1. e4 c6 2. d4 d5 3. Nc3 dxe4 4. Nxe4 Bf5 5. Ng3 Bg6 6. h4 h6 7. Nf3 e6 8. Ne5 Bh7 9. Bc4 Nd7 10. Qe2 Nxe5 11. dxe5 Ne7 12. Bd2 Bxc2 13. Bb4 Bg6 14. h5 Bh7 15. Ne4 Bxe4 16. Qxe4 Nd5 17. Bxf8 Kxf8 18. 0-0-0 Qa5 19. f4 Ke7 20. f5 exf5 21. Qxf5 Qc5 22. Rh4 b5 23. e6 Qe3+ 24. Kb1 fxe6 25. Re4 Qxe4+ 26. Qxe4 bxc4 27. Re1 Kd6 28. Qxe6+ Kc5 29. Rc1 Rab8 30. Ka1 Rhf8 31. Qg4 Rf4 32. Qxg7 Rf2 33. Qxa7+ Rb6 34. b3 c3 35. Qg7 c2 36. Kb2 Ra6 37. a3 Rf6 38. Rxc2+ Kd6 39. Rd2 Ke6 40. g4 Ra8 41. Qb7 1-0